| 000 | 00897nam a2200217 a 4500 | ||
|---|---|---|---|
| 001 | 000013491 | ||
| 005 | 20200929163239.0 | ||
| 008 | 091125s1997 dr a 000 0 spa d | ||
| 040 |
_aDO-SdBNP _bspa _cBNPHU |
||
| 082 |
_axxx _bS471s |
||
| 111 | 2 |
_aSeminario Salud mental en la República Dominicana y alternativas de tratamiento _d(19995 nov. 17-18-19 : _cSanto Domingo) _930820 |
|
| 245 | 1 | 0 |
_aSeminario Salud mental en la República Dominicana y alternativas de tratamiento / _cRose E. Nina... [et al.]; editores Pedro Acosta, Carles Roersch, Elupina Tirado. |
| 260 |
_aSanto Domingo : _bInstituto de Medicina Dominicana, _c1997. |
||
| 300 |
_a113 p. : _bil. ; _c21 cm. |
||
| 500 | _aIncluye notas al pie de páginas | ||
| 700 | 1 |
_aNina, Rose E. _930821 |
|
| 700 | 1 |
_aAcosta, Pedro _eed. _9463 |
|
| 700 | 1 |
_aRoersch, Carles _eed. _930822 |
|
| 700 | 1 |
_aTirado, Elupina _eed. _930823 |
|
| 049 | _aBNPD | ||
| 999 |
_c13115 _d13115 |
||